Gaspar Ruiz e um par de outras histórias (Registo nº 75200)

Detalhes MARC
000 -Etiqueta do registo
campo de controlo de comprimento fixo 00273 a2200109 4500
001 - Identificador do registo
Campo de controlo 75200
005 - Identificador da versão
Campo de controlo 20251212151042.0
100 ## - Dados Gerais de Proc.
Dados gerais de processamento 20251212 pory50
200 ## - Título
Título próprio Gaspar Ruiz e um par de outras histórias
Primeira menção de responsabilidade Joseph Conrad
210 ## - Publicação, Distribuição
Nome do editor, distribuidor, etc. Minotauro
Data da publicação, distribuição, etc. 2025
090 ## - Números de controlo do sistema (Koha)
Número biblioitem do Koha (gerado automaticamente) 75200
942 ## - Elementos de entrada adicionados (Koha)
Tipo de item no Koha Monografias

Não há exemplares disponíveis.